000
00362nam a2200133Ia 4500
008
191206s9999 xx 000 0 und d
020
_a
908311257
090
_a
DT2990.M69
245
0
_a
Mothers of the revolution
260
_a
Baobab Books
260
_c
c1990
300
_a
"xiv, 306 p. : ill., 1 map ; 22 cm."
999
_c
16524
_d
16524